Una vida sana para mujeres y niños vulnerables : aplicaciones de la investigación sobre sistemas de salud /

Guardado en:
Otros Autores: Godt, Sue.
Formato: Libro
Idioma:Spanish
Publicado: Ottawa : International Development Research Centre, c2017.
Series:en_foco
Materias:
Acceso en línea:Acceso al texto completo
Etiquetas: Agregar Etiqueta
Sin Etiquetas, Sea el primero en etiquetar este registro!
LEADER 01202nam a2200277 a 4500
001 EUN.eunm007331
005 20180417074258.0
008 180413s2017####xxca#####b####000#0#spa#d
020 |a 9781552506035 
020 |a 9781552506066 (libro electrónico) 
082 0 0 |a 362.1  |2 21 
245 0 4 |a Una vida sana para mujeres y niños vulnerables :  |b aplicaciones de la investigación sobre sistemas de salud /  |c Sue Godt ... [et al.]. 
260 |a Ottawa :  |b International Development Research Centre,  |c c2017. 
300 |a xxiii, 125 p. :  |b il. ;  |c 23 cm. 
490 0 |a en_foco 
504 |a Incluye referencias bibliográficas. 
530 |a Disponible también en formato digital. 
650 7 |a Salud.  |2 unbist 
650 7 |a Planificación de la salud.  |2 unbist 
650 7 |a Servicios de salud.  |2 unbist 
650 7 |a Mujeres.  |2 unbist 
650 7 |a Niños socialmente desfavorecidos.  |2 unbist 
650 7 |a Países en desarrollo.  |2 unbist 
700 1 |a Godt, Sue. 
856 4 0 |y Acceso al texto completo  |u https://www.idrc.ca/sites/default/files/sp/Documents%20EN/in-focus-healthy%5Flives%5Ffor%5Fvulnerable%5Fwomen%5Fand%5Fchildren%5F-spanish.pdf 
859 |a AR-BaUNS  |b BIB. CENTRAL - Sector A  |h 362.1  |i G549  |p 126507/018